MARC
| LEADER | 00000nam a2200000 a 4500 | ||
|---|---|---|---|
| 001 | UCW2097 | ||
| 003 | CL-VaPUC | ||
| 008 | 910830e19790000SP |||||||||||||||||spa|d | ||
| 082 | 0 | 4 | |a 621.5 |b MAN |2 21 |
| 245 | 1 | 0 | |a Manual de neumática |
| 300 | |a 501 p | ||
| 942 | |c BK | ||
| 945 | |d 19910830 00:00:00 | ||
| 260 | |a Barcelona |b Blume |c 1979 | ||
| 650 | 0 | |a Neumática |9 264955 | |
| 650 | 0 | |a Aire comprimido |9 271758 | |
| 650 | 0 | |a Manuales |9 257144 | |
| 650 | 7 | |a MAQUINAS NEUMATICAS |2 CL-VaPUC |9 271759 | |
| 583 | |a last modification |c 19910830 00:00:00 |k Rodrigo Vera | ||
| 999 | |c 216731 |d 216729 | ||